Cursillistas de Estudios Politécnicos
Colección:
San Jorge,
; núm. 12 (octubre 1953), pàg 125
Idioma:
Español
MARC
| LEADER | 00000naa a2200000 a 4500 | ||
|---|---|---|---|
| 003 | Arxiu | ||
| 005 | 20260324181022.0 | ||
| 008 | 160829s1953 spc xx s spa c | ||
| 040 | |a agdb | ||
| 245 | 0 | 0 | |a Cursillistas de Estudios Politécnicos |
| 490 | |a San Jorge, |v núm. 12 (octubre 1953), pàg 125 | ||
| 611 | 0 | |9 54830 |a Curso de Verano de Estudios Polictécnicos |n (1r : |d 1953 : |c Barcelona, Catalunya) | |
| 773 | |g Núm. 12 (octubre 1953), pàg 125 |t San Jorge. | ||
| 901 | |a Arxiu | ||
| 942 | |n 1 |2 udc |c ART | ||
| 952 | |0 0 |1 0 |4 0 |6 REV508 |7 1 |9 64540 |a Arxiu |b Arxiu |d 2022-12-01 |o Rev-508 |r 2022-12-01 00:00:00 |w 2022-12-01 |y ARXIU |z També disponible a Rev-522 | ||
| 999 | |c 43405 |d 43405 | ||